Banderas de las provincias de España - Estadísticas

Estadísticas generales
  • Esta prueba ha sido intentada 565 veces
  • La puntuación promedio es 22 de 52
Estadísticas de respuestas
Imagen Respuesta % Correcto
Comunidad de Madrid
89%
Principado de Asturias
88%
Ceuta (Ciudad Autónoma)
82%
Región de Murcia
82%
Islas Baleares/ Illes Balears
77%
Región de La Rioja
75%
Provincia de Tarragona
74%
Región Foral de Navarra/ Nafarroa
74%
Provincia de León
70%
Provincia de Barcelona
68%
Provincia de Girona/ Gerona
68%
Provincia de Castellón/ Castelló
64%
Provincia de Lleida/ Lerida
63%
Región de Cantabria
63%
Provincia de Granada
56%
Provincia de Sevilla
48%
Provincia de Málaga
47%
Provincia de Tenerife
46%
Provincia de Valladolid
45%
Provincia de Jaén
41%
Provincia de Valencia
41%
Provincia de A Coruña/ La Coruña
40%
Provincia de Teruel
40%
Melilla (Ciudad Autónoma)
39%
Provincia de Pontevedra
39%
Provincia de Toledo
39%
Provincia de Alicante/ Alacant
36%
Provincia de Almería
35%
Provincia de Huelva
34%
Provincia de Zamora
34%
Provincia de Segovia
33%
Provincia de Cádiz
32%
Provincia de Huesca
32%
Provincia de Caceres
29%
Provincia de Gipuzkoa/Guipúzcoa
28%
Provincia de Lugo
28%
Provincia de Burgos
27%
Provincia de Ourense/ Orense
27%
Provincia de Badajoz
26%
Provincia de Bizkaia/ Vizcaya
26%
Provincia de Cordoba
24%
Provincia de Las Palmas
24%
Provincia de Palencia
24%
Provincia de Albacete
23%
Provincia de Araba/ Álava
23%
Provincia de Cuenca
23%
Provincia de Salamanca
23%
Provincia de Soria
23%
Provincia de Ávila
22%
Provincia de Guadalajara
22%
Provincia de Ciudad Real
20%
Provincia de Zaragoza
8%
No se encontraron pruebas coincidentes
Distribución de puntuación
Porcentaje de gente con cada puntuación
Porcentaje por número respondido
Historial de tus puntuaciones
No has intentado esta prueba.